Tekstil

Bibliographic Details
Main Author: E-man
Format: Book
Published: K.L. : Cipta Publishing , 2013
Series:Siri warisan seni kraf
Subjects:

MARC

LEADER 00000cam a2200000 7i4500
001 0000039744
005 20140105.0
008 140105
020 |a 9838093972 
090 0 0 |a 745.509595   |b EMA 
100 1 |a E-man 
245 1 0 |a Tekstil   |c E-man 
260 |a K.L. :   |b Cipta Publishing ,   |c 2013 
440 |a Siri warisan seni kraf 
650 0 |a Handicraft   |x juvrnile literature... 
650 0 |a Malaya - work 
999 |a 0001261722   |b Book   |c Adult Collection   |e Perbadanan Perpustakaan Awam Johor 
999 |a 0001262673   |b Book   |c Adult Collection   |e Cawangan Tmn. Ungku Tun Aminah 
999 |a 0001262675   |b Book   |c Adult Collection   |e Cawangan Pontian 
999 |a 0001262676   |b Book   |c Adult Collection   |e Cawangan Taman Sri Lambak 
999 |a 0001262678   |b Book   |c Adult Collection   |e Cawangan Bandar Penawar 
999 |a 0001262679   |b Book   |c Adult Collection   |e Cawangan Muar 
999 |a 0001262680   |b Book   |c Adult Collection   |e Cawangan Bandar Tenggara 
999 |a 0001262681   |b Book   |c Adult Collection   |e Cawangan Tangkak 
999 |a 0001262682   |b Book   |c Adult Collection   |e Cawangan Mersing 
999 |a 0001262683   |b Book   |c Adult Collection   |e Cawangan Bukit Gambir 
999 |a 0001262684   |b Book   |c Adult Collection   |e Cawangan Kota Tinggi 
999 |a 0001262685   |b Book   |c Adult Collection   |e Cawangan Segamat